000 00346nam a2200169Ia 4500
100 _aKirpal Singh
650 _aAUTOMOBILE
490 _v1
942 _cBK
366 _f10
245 _aAutomobile Engineering vol.1
260 _bStandard Publications
_c2017
082 _a629.2
_bKIR
300 _a770
546 _aENGLISH
999 _c35006
_d35006